000 00417pab a2200169 454500
008 180718b2011 xxu||||| |||| 00| 0 eng d
100 _aSingh, Anupriya
245 _aSoftware services industry context and performance management
260 _c2011
300 _ap.49-59.
362 _aMar
650 _aPerformance appraisal
700 _aAgarwala, Tanuja
773 _aVision
908 _aN
909 _a93348
999 _c93348
_d93348